Wszyscy mistrzowie Anglii w piłce nożnej - Statystyki

Ogólne statystyki
  • Ten quiz został rozwiązany 1 005 razy
  • Średni wynik to 96 z 122
Statystyki odpowiedzi
Sezon Mistrz % Poprawnych
1900/01 | 1905/06 | 1921/22 | +16 others Liverpool
99%
1936/37 | 1967/68 | 2011/12 | +4 others Manchester City
99%
1907/08 | 1910/11 | 1951/52 | +17 others Manchester United
99%
1954/55 | 2004/05 | 2005/06 | +3 others Chelsea
98%
1930/31 | 1932/33 | 1933/34 | +10 others Arsenal
97%
2015/16 Leicester
87%
1950/51 | 1960/61 Tottenham
85%
1893/94 | 1895/96 | 1896/97 | +4 others Aston Villa
79%
1890/91 | 1914/15 | 1927/28 | +6 others Everton
76%
1977/78 Nottingham Forest
75%
1904/05 | 1906/07 | 1908/09 | 1926/27 Newcastle
67%
1911/12 | 1913/14 | 1994/95 Blackburn
62%
1968/69 | 1973/74 | 1991/92 Leeds
61%
1891/92 | 1892/93 | 1894/95 | +3 others Sunderland
51%
1953/54 | 1957/58 | 1958/59 Wolverhampton
51%
1897/98 Sheffield United
42%
1920/21 | 1959/60 Burnley
41%
1971/72 | 1974/75 Derby County
33%
1919/20 West Brom
31%
1961/62 Ipswich
29%
1888/89 | 1889/90 Preston
27%
1902/03 | 1903/04 | 1928/29 | 1929/30 Sheffield Wednesday
27%
1948/49 | 1949/50 Portsmouth
25%
1923/24 | 1924/25 | 1925/26 Huddersfield
16%
Nie znaleziono quizów pasujących do podanych kryteriów
Rozkład punktacji
Procent ludzi z każdym wynikiem
Percentyl według liczby udzielonych odpowiedzi
Twoja historia wyników
Nie rozwiązałeś tego quizu